Statistics for 1962 FIFA World Cup Results

Click here to take the quiz!

General Stats

  • This quiz has been taken 81 times
  • The average score is 14 of 16

Answer Stats

Nation % Correct
Brazil
100%
Argentina
98%
Chile
95%
England
95%
West Germany
95%
Yugoslavia
93%
Czechoslovakia
91%
Italy
88%
Mexico
88%
Spain
88%
Uruguay
88%
Soviet Union
86%
Hungary
81%
Switzerland
77%
Colombia
70%
Bulgaria
58%

Score Distribution

Percentile by Number Answered

Percent of People with Each Score

Your Score History

You have not taken this quiz